A Nation of Women : an early feminist speaks out / mi opinión sobre las libertades, derechos y deberes de la mujer (Record no. 74771)

MARC details
000 -LEADER
campo de control de longitud fija 00619nmm a2200169Ia 4500
008 - DATOS DE LONGITUD FIJA--INFORMACIÓN GENERAL
campo de control de longitud fija 251105s9999||||xx |||||||||||||||||und||
020 ## - NÚMERO INTERNACIONAL ESTÁNDAR DEL LIBRO
Número Internacional Estándar del Libro 9781558854277
041 ## - CÓDIGO DE IDIOMA
Código de lengua del texto/banda sonora o título independiente spa
-- eng
100 ## - ENTRADA PRINCIPAL--NOMBRE DE PERSONA
Nombre de persona Capetillo, Luisa
245 #2 - MENCIÓN DEL TÍTULO
Título A Nation of Women : an early feminist speaks out / mi opinión sobre las libertades, derechos y deberes de la mujer
264 ## - PRODUCCIÓN, PUBLICACIÓN, DISTRIBUCIÓN, FABRICACIÓN Y COPYRIGHT
Producción, publicación, distribución, fabricación y copyright [Washington, Estados Unidos] :
Nombre del de productor, editor, distribuidor, fabricante Arte Público Press,
Fecha de producción, publicación, distribución, fabricación o copyright 2004
300 ## - DESCRIPCIÓN FÍSICA
Extensión 224 páginas
490 ## - MENCIÓN DE SERIE
Mención de serie Recovering the U.S. Hispanic Literary Heritage
650 ## - PUNTO DE ACCESO ADICIONAL DE MATERIA--TÉRMINO DE MATERIA
Término de materia o nombre geográfico como elemento de entrada Gender and Women Studies
856 ## - LOCALIZACIÓN Y ACCESO ELECTRÓNICOS
Identificador Uniforme de Recursos <a href="https://public.digitaliapublishing.com/a/23216">https://public.digitaliapublishing.com/a/23216</a>
942 ## - ELEMENTOS DE ENTRADA SECUNDARIOS (KOHA)
Tipo de ítem Koha Libro Digital

No items available.

Powered by Koha